Footballeurs français ayant perdu en finale de Coupe du Monde - Statistiques

Statistiques générales
  • Ce quiz a été pris 15 238 fois
    690 depuis la dernière actualisation
  • Le résultat moyen est 26 sur 49
Statistiques - réponses
Réponse % Correct
Kylian Mbappé
96%
Zinédine Zidane
94%
Hugo Lloris
92%
Antoine Griezmann
86%
Lucas Hernandez
83%
Olivier Giroud
82%
Théo Hernandez
82%
Fabien Barthez
81%
Dayot Upamecano
78%
Ousmane Dembélé
78%
Thierry Henry
78%
Lilian Thuram
76%
Marcus Thuram
76%
Raphaël Varane
76%
Aurélien Tchouaméni
74%
Benjamin Pavard
74%
Ibrahima Konaté
73%
Steve Mandanda
72%
Alphonse Areola
71%
Randal Kolo Muani
71%
Franck Ribéry
68%
Eduardo Camavinga
67%
Adrien Rabiot
66%
Jules Koundé
66%
Kingsley Coman
61%
David Trezeguet
59%
William Saliba
58%
Patrick Vieira
54%
Claude Makélélé
47%
Karim Benzema
40%
Grégory Coupet
39%
Mattéo Guendouzi
39%
Willy Sagnol
37%
Youssouf Fofana
37%
Axel Disasi
33%
Florent Malouda
32%
William Gallas
30%
Éric Abidal
26%
Jordan Veretout
26%
Sylvain Wiltord
26%
Mickaël Landreau
24%
Sidney Govou
20%
Alou Diarra
14%
Vikash Dhorasoo
12%
Jean-Alain Boumsong
10%
Pascal Chimbonda
10%
Louis Saha
9%
Gaël Givet
8%
Mickaël Silvestre
8%
Aucun quiz correspondant
Distribution des résultats
% des personnes avec chaque résultat
Percentile par nombre de réponses
Votre historique - résultats
Vous n’avez pas pris ce quiz depuis la dernière actualisation